| 000 -LEADER |
| fixed length control field |
01726cam a2200385 a 4500 |
| 001 - CONTROL NUMBER |
| control field |
12637179 |
| 003 - CONTROL NUMBER IDENTIFIER |
| control field |
NUST |
| 005 - DATE AND TIME OF LATEST TRANSACTION |
| control field |
20171106103801.0 |
| 008 - FIXED-LENGTH DATA ELEMENTS--GENERAL INFORMATION |
| fixed length control field |
020107s2002 enk b 001 0 eng |
| 010 ## - LIBRARY OF CONGRESS CONTROL NUMBER |
| LC control number |
2002017393 |
| 020 ## - INTERNATIONAL STANDARD BOOK NUMBER |
| International Standard Book Number |
9781853264665 (pbk) |
| 040 ## - CATALOGING SOURCE |
| Original cataloging agency |
DLC |
| Transcribing agency |
DLC |
| Modifying agency |
DLC |
| 041 0# - LANGUAGE CODE |
| Language code of text/sound track or separate title |
enggrc |
| 050 00 - LIBRARY OF CONGRESS CALL NUMBER |
| Classification number |
PA4002 |
| Item number |
.A39 2002 |
| 082 00 - DEWEY DECIMAL CLASSIFICATION NUMBER |
| Classification number |
938.03 |
| Author Mark |
HER |
| 100 0# - MAIN ENTRY--PERSONAL NAME |
| Personal name |
Herodotus |
| 9 (RLIN) |
5977 |
| 240 10 - UNIFORM TITLE |
| Uniform title |
History. |
| Number of part/section of a work |
Book 9 |
| 245 10 - TITLE STATEMENT |
| Title |
Histories. |
| Number of part/section of a work |
Book IX / |
| Statement of responsibility, etc. |
edited by Michael A. Flower and John Marincola. |
| 246 3# - VARYING FORM OF TITLE |
| Title proper/short title |
Histories. Book 9 |
| 260 ## - PUBLICATION, DISTRIBUTION, ETC. |
| Place of publication, distribution, etc. |
Cambridge ; |
| -- |
New York : |
| Name of publisher, distributor, etc. |
Cambridge University Press, |
| Date of publication, distribution, etc. |
2002. |
| 300 ## - PHYSICAL DESCRIPTION |
| Extent |
xvi, 357 p. ; |
| Dimensions |
19 cm. |
| 440 #0 - SERIES STATEMENT/ADDED ENTRY--TITLE |
| Title |
Cambridge Greek and Latin classics |
| 9 (RLIN) |
5978 |
| 504 ## - BIBLIOGRAPHY, ETC. NOTE |
| Bibliography, etc. note |
Includes bibliographical references (p. 327-345) and index. |
| 546 ## - LANGUAGE NOTE |
| Language note |
In English and Greek. |
| 650 #0 - SUBJECT ADDED ENTRY--TOPICAL TERM |
| Topical term or geographic name entry element |
Plataea, Battle of, Plataiai, Greece, 479 B.C. |
| 9 (RLIN) |
5979 |
| 700 1# - ADDED ENTRY--PERSONAL NAME |
| Personal name |
Flower, Michael A. |
| 9 (RLIN) |
5980 |
| 700 1# - ADDED ENTRY--PERSONAL NAME |
| Personal name |
Marincola, John. |
| 9 (RLIN) |
5981 |
| 856 41 - ELECTRONIC LOCATION AND ACCESS |
| Materials specified |
Sample text |
| Uniform Resource Identifier |
<a href="http://www.loc.gov/catdir/samples/cam033/2002017393.html">http://www.loc.gov/catdir/samples/cam033/2002017393.html</a> |
| 856 41 - ELECTRONIC LOCATION AND ACCESS |
| Materials specified |
Table of contents |
| Uniform Resource Identifier |
<a href="http://www.loc.gov/catdir/toc/cam023/2002017393.html">http://www.loc.gov/catdir/toc/cam023/2002017393.html</a> |
| 856 42 - ELECTRONIC LOCATION AND ACCESS |
| Materials specified |
Publisher description |
| Uniform Resource Identifier |
<a href="http://www.loc.gov/catdir/description/cam022/2002017393.html">http://www.loc.gov/catdir/description/cam022/2002017393.html</a> |
| 856 42 - ELECTRONIC LOCATION AND ACCESS |
| Materials specified |
Contributor biographical information |
| Uniform Resource Identifier |
<a href="http://www.loc.gov/catdir/enhancements/fy0731/2002017393-b.html">http://www.loc.gov/catdir/enhancements/fy0731/2002017393-b.html</a> |
| 906 ## - LOCAL DATA ELEMENT F, LDF (RLIN) |
| a |
7 |
| b |
cbc |
| c |
orignew |
| d |
1 |
| e |
ocip |
| f |
20 |
| g |
y-gencatlg |
| 942 ## - ADDED ENTRY ELEMENTS (KOHA) |
| Source of classification or shelving scheme |
|
| Koha item type |
Book |